000 00646nam a22001817a 4500
999 _c166222
_d166222
005 20190717110744.0
010 _aENG-125963
020 _a9789380200262
_c499.00
035 _aEN-109495
037 _bDBAD/PUB
082 _a332.024
100 _aChabria, Yogesh
245 _aHappionaire's investment secrerts for women :
_cby Yogesh Chabria
_bfun, simple and interesting ways to help you handle your money and grow your health ! / /
260 _aNew Delhi
_bNetwork 18 Publications
270 _a507, Prabhat Kiran, 17 Rajendra Place
_bNew Delhi
_e110008
300 _a132p.
_c23cm(Hb)
942 _2ddc
_cEN
_h332.024
_mCHA